000 00869nam a2200265Ia 4500
003 OSt
005 20221005103324.0
006 a|||||r|||| 00| 0
007 ta
008 221004b |||||||| |||| 00| 0 hin d
020 _a9780143448655 (pbk)
_cIndian Rupees 150
024 _a70759
037 _bGift, 09/12/2021,
_cTextual
040 _aCRL
_cCRL
_bhin
041 _2hin
_ahin
082 _aT, 152Q9
100 _aसिसोदिया, मनीष, ले.
245 0 _aशिक्षा
246 _aShikṣhā
260 _aगुड़गॉंव
_bपेंगुइन बुक्स भारत
_c2019
300 _a187पृ0
_ccm.
650 _aशिक्षाशास्त्र
942 _hT, 152Q9
_cTEXL
_2cc
999 _c1009823
_d1009823